00000000nam##2200000za#4500
0019.632665
003CaOODSP
00520210624214930
007cr |||||||||||
008150407|2005||||xxc|||||o    f|0| 0 fre|d
040 |aCaOODSP|bfre
043 |an-cn---
0861 |aFo42-327/2005F-PDF
1101 |aCanada.|bRessources naturelles Canada. |bService canadien des forêts.
24510|aProgramme Forestier des Premières nations exemples de succès |h[ressource électronique]
260 |aOttawa - Ontario : |bRessources naturelles Canada. |c2005.
300 |a104p.|bfigures, tableaux, photographies
5203 |aLes projets du Programme forestier des Premières nations dont il est question dans ce recueil représentent des réalisations des Premières nations dans diverses activités reliées à la forêt à la grandeur du Canada. Chacun des projets a des qualités qui le rendent unique. Mais surtout, ils fournissent des exemples d’activités spécifiques qui peuvent être importantes pour des Premières nations qui souhaitent mettre sur pied des projets similaires ou qui cherchent à obtenir des perspectives sur des démarches ou des occasions reliées à la forêt. Chaque histoire contient le nom d’une personne-ressource pour les gens intéressés à obtenir de l’information additionnelle.
590 |a06-11|b2006-03-17
69107|aForesterie|2gcpds
69107|aProgramme pour autochtones|2gcpds
77508|tFirst Nations Forestry Program success stories |w(CaOODSP)9.688233
7760#|tProgramme Forestier des Premières nations exemples de succès |w(CaOODSP)9.682880
85640|ahttp://publications.gc.ca|qPDF|s7901 Ko|uhttps://publications.gc.ca/collections/Collection/Fo42-327-2005F.pdf